Statistics for Top 10 Most Popular Spring Break Destinations

Click here to take the quiz!

General Stats

  • This quiz has been taken 67 times
  • The average score is 5 of 10

Answer Stats

Answer% Correct
Miami, Florida
89%
Cancun, Mexico
77%
Los Angeles, California
73%
Tampa, Florida
59%
New Orleans, Louisiana
50%
Las Vegas, Nevada
45%
Cabo San Lucas, Mexico
41%
South Padre Island, Texas
30%
Austin, Texas
13%
Panama City Beach, Florida
13%

Score Distribution

Percentile by Number Answered

Percent of People with Each Score

Your Score History

You have not taken this quiz